Normal view MARC view
  • Devasahayam, Suresh R

Entry Personal Name

Number of records used in: 1

001 - CONTROL NUMBER

  • control field: 82695

003 - CONTROL NUMBER IDENTIFIER

  • control field: NUST

005 - DATE AND TIME OF LATEST TRANSACTION

  • control field: 20210924110707.0

008 - FIXED-LENGTH DATA ELEMENTS

  • fixed length control field: 210924|| aca||aabn | a|a d

040 ## - CATALOGING SOURCE

  • Original cataloging agency: NUST
  • Transcribing agency: NUST

100 ## - HEADING--PERSONAL NAME

  • Personal name: Devasahayam, Suresh R

670 ## - SOURCE DATA FOUND

  • Source citation: Work cat.: (NUST)32342: Devasahayam, Suresh R., Signals And Systems In Biomedical Engineering :, c2000.
© 2023 Central Library, National University of Sciences and Technology. All Rights Reserved.